| 000 | 01704cam a22003252 4500 | ||
|---|---|---|---|
| 999 |
_c2709 _d2709 |
||
| 001 | 403752 | ||
| 003 | OSt | ||
| 005 | 20230811151806.0 | ||
| 008 | 050903s2004 nyuab c b 00010beng c | ||
| 020 | _a9780448431055 | ||
| 040 |
_aDLC _cDLC _dTAE _dKH8 |
||
| 042 |
_apcc _alcac |
||
| 082 | 0 | 4 | _a910.92 KRA |
| 100 | 1 | 0 |
_aKramer, Sydelle. _eauthor. |
| 245 | 1 | 0 |
_aWho was Ferdinand Magellan? / _cby Sydelle Kramer ; illustrated by Elizabeth Wolf. |
| 260 | 0 |
_aNew York : _bGrosset & Dunlap, _cc2004. |
|
| 300 |
_a105 pages : _bill., maps ; _c5.38 x 0.25 x 7.63 inches. |
||
| 504 | _aIncludes bibliographical references (p. [106]). | ||
| 505 | 0 | _aWho was Ferdinand Magellan? -- The boy becomes a man -- War hero -- A new king listens -- Getting ready -- Tricky seas -- Frozen in -- The Pacific -- The crossing -- The last battle -- End of the journey. | |
| 520 | _aWhen Portuguese sailor Ferdinand Magellan set sail from Spain in 1519, he believed he could get to the Spice Islands by sailing west through or aro und the New World. He was right, but what he didn't know was that the treach erous voyage would take him three years and cost him his life. Black-and-white line drawings illustrate Magellan's life and voyage, with sidebars and a time line that enhance readers' understanding of the period. | ||
| 521 | _a9-12. | ||
| 600 | 1 | 1 |
_aMagellan, Ferdinand, _dd. 1521. |
| 600 | 1 | 0 |
_aMagalhaaes, Fernaao de, _dd. 1521 _xJuvenile literature. |
| 650 | 1 | _aVoyages around the world. | |
| 650 | 0 |
_aExplorers _vBiography _xJuvenile literature. _zPortugal. |
|
| 650 | 0 |
_aVoyages around the world _xJuvenile literature. |
|
| 650 | 1 | _aExplorers. | |
| 700 | 1 | 1 |
_aWolf, Elizabeth, _d1954- _eill. |
| 942 |
_2ddc _cTR |
||